Beyond the blue river (Record no. 62198)

MARC details
000 -LEADER
fixed length control field 02122nam a22003137a 4500
005 - DATE AND TIME OF LATEST TRANSACTION
control field 20120207152323.0
010 ## - LCCN (DPL NO)
LC control number B-481953-961
020 ## - INTERNATIONAL STANDARD BOOK NUMBER
International Standard Book Number 9788181467003
Terms of availability 250.00
020 ## - INTERNATIONAL STANDARD BOOK NUMBER
International Standard Book Number 8181467000
Terms of availability 250.00
035 ## - SYSTEM CONTROL NUMBER
System control number B-481953-961
037 ## - SOURCE OF ACQUISITION
Source of stock number/acquisition Blue Berry/Ven
082 ## - DEWEY DECIMAL CLASSIFICATION NUMBER
Classification number N
100 ## - MAIN ENTRY--PERSONAL NAME
Personal name Vinayan, B
245 ## - TITLE STATEMENT
Title Beyond the blue river
Statement of responsibility, etc B.Vinayan
260 ## - PUBLICATION, DISTRIBUTION, ETC. (IMPRINT)
Place of publication, distribution, etc Chennai
Name of publisher, distributor, etc Tulika publishers
Date of publication, distribution, etc 2011
270 ## - ADDRESS
Address 13, Prithvi Avenue first street,Abhiramapuram
City Chennai
Postal code 600018
300 ## - PHYSICAL DESCRIPTION
Extent 243p.
Other physical details 22cm
942 ## - ADDED ENTRY ELEMENTS (KOHA)
Source of classification or shelving scheme Dewey Decimal Classification
Item type English Books
Call number suffix VIN
Classification part N
Holdings
Withdrawn status Lost status Not for loan Collection code Home library Current library Date acquired Source of acquisition Cost, normal purchase price Full call number Barcode Copy number Cost, replacement price Koha item type
      Fiction Bawana Bawana 23/11/2012 Blue Berry/IN8486/14.04.2012/43/20.03.2012/19.06.2012 250.00 N VIN B-481961 1 250.00 English Books
      Fiction Janak Puri Janak Puri 23/11/2012 Blue Berry/IN8486/14.04.2012/43/20.03.2012/19.06.2012 250.00 N VIN B-481956 1 250.00 English Books
      Fiction Karol Bagh Karol Bagh 23/11/2012 Blue Berry/IN8486/14.04.2012/43/20.03.2012/19.06.2012 250.00 N VIN B-481959 1 250.00 English Books
      Fiction Kasturba Gandhi Marg Kasturba Gandhi Marg 23/11/2012 Blue Berry/IN8486/14.04.2012/43/20.03.2012/19.06.2012 250.00 N VIN B-481954 1 250.00 English Books
      Fiction Narela Narela 23/11/2012 Blue Berry/IN8486/14.04.2012/43/20.03.2012/19.06.2012 250.00 N VIN B-481960 1 250.00 English Books
      Fiction Patel Nagar Patel Nagar 23/11/2012 Blue Berry/IN8486/14.04.2012/43/20.03.2012/19.06.2012 250.00 N VIN B-481953 1 250.00 English Books
      Fiction Peshwa Road Peshwa Road 23/11/2012 Blue Berry/IN8486/14.04.2012/43/20.03.2012/19.06.2012 250.00 N VIN B-481955 1 250.00 English Books
      Fiction Sarojini Nagar Sarojini Nagar 23/11/2012 Blue Berry/IN8486/14.04.2012/43/20.03.2012/19.06.2012 250.00 N VIN B-481957 1 250.00 English Books
      Fiction Vinoba Puri Vinoba Puri 23/11/2012 Blue Berry/IN8486/14.04.2012/43/20.03.2012/19.06.2012 250.00 N VIN B-481958 1 250.00 English Books

© Delhi Public Library
Hit Counter
free hit counter